000 01249nam a2200361 c 4500
001 23677
003 ES-MaCES
005 20141221122846.0
008 110331s2011 sp d t o000 | spa d
035 _aCES20110002631m
040 _aES-MaCES
_bspa
_cES-MaCES
245 0 3 _aLa situación de las mujeres en el mercado de trabajo 2010
_c[doc. elaborado por, Subdirección General de Estrategias de Empleo, Secretaría de Estado de Empleo, Ministerio de Trabajo e Inmigración]
260 _a[Madrid]
_bSecretaría de Estado de Empleo
_c[2011]
300 _a33 p.
_bgráf. col.
_c30 cm
541 _cGratuito
650 4 _amujeres
_928657
650 4 _amercado de trabajo
_928292
650 4 _acondiciones de trabajo
_928327
650 4 _acondiciones de empleo
_930040
650 4 _aocupación
_928402
650 4 _adesempleo
_928308
650 4 _acontratación
_928323
650 4 _aseguridad social
_927034
650 4 _asalario
_928387
650 4 _aEspaña
_926964
650 4 _a2010
_931233
650 4 _acuadros estadísticos
_928890
653 1 0 _aMujer
710 1 _aEspaña
_bSecretaría de Estado de Empleo
_93360
902 _aDOC Literatura gris
942 _2CES
_cBK
_h3.3.
999 _c23677
_d23677